000 00719nam a22002295i 4500
001 168638
003 ES-MaACL
005 20231021062535.0
008 080428s2007 sp |||| | spa d
020 _a978-84-8383-008-6
080 _a821.131.1-32"19"
100 1 _aSciascia, Leonardo.
_9104929
245 1 3 _aLa desaparición de Majorana /
_cLeonardo Sciascia ; traducción de Juan Manuel Salmerón.
250 _a1ª ed.
260 _aBarcelona :
_bTusquets,
_c2007.
300 _a116 p. ;
_c21 cm.
490 1 _aAndanzas ;
_v637
700 1 _aSalmerón, Juan Manuel.
_9137704
830 0 0 _aColección Andanzas
_v637
_9234359
852 _aES-MaACL
_jL-29396
_9R.143038
999 _c168638
_d168638